[Event "IECC CL6-2009.20 email"]
[Site "IECC email"]
[Date "2009.09.06"]
[Round "?"]
[White "Santos, Felipe Mendonca"]
[Black "D'Aragona, Vittoria"]
[Result "1-0"]
[WhiteElo "1256"]
[BlackElo "1991"]
[PlyCount "31"]
[EventDate "2009.??.??"]
[EventType "tourn (corr)"]
[EventRounds "4"]
[SourceTitle "Telechess CBM 137"]
[Source "ChessBase"]
[SourceDate "2010.07.15"]
[SourceVersion "1"]
[SourceVersionDate "2010.07.15"]
[SourceQuality "1"]
[WhiteTeam "Brazil"]
[BlackTeam "Italy"]
[WhiteTeamCountry "BRA"]
[BlackTeamCountry "ITA"]

1. d4 e6 2. c4 Nf6 3. Nc3 d5 4. Nf3 Bb4 5. Bg5 0-0 6. e3 h6 7. Bh4 g5 8. Bg3 Ne4 9. Qb3 Nc6 10. Bd3 Bxc3+ 11. bxc3 Na5 12. Qc2 Nxg3 13. hxg3 dxc4 14. Bg6 fxg6 15. Qxg6+ Kh8 16. Rxh6# 1-0